| 000 | 00902nam a22002177a 4500 | ||
|---|---|---|---|
| 999 |
_c18108 _d18108 |
||
| 003 | AR-CdUCM | ||
| 008 | 190511b ||||| |||| 00| 0 spa d | ||
| 040 |
_aMUNICIPALIDAD PROVINCIAL DEL CUSCO _cBIBLIOTECA MUNICIPAL DEL CUSCO |
||
| 082 |
_a377.29 / _bW57 |
||
| 100 |
_aWilber, Gordon O. _938501 |
||
| 245 | _aArtes industriales en la educación / | ||
| 260 |
_aMéxico D.F : _bRepresentaciones y Servicios de Ingeniería, _c1970. |
||
| 300 |
_a447 páginas ; _bFotografías, cuadros informativos, _c23 cm. |
||
| 505 | _aContenido: Propósitos de la educación general -- Relaciones entre artes industriales y educación general -- Lugar de las artes industriales en nuestras escuelas... | ||
| 650 |
_aArtes industriales _938502 |
||
| 650 |
_aEducación técnica _95178 |
||
| 650 |
_aMetodología _92264 |
||
| 700 |
_aPendered, Norman C. _938503 |
||
| 942 |
_2ddc _cLIBROS |
||
| 945 |
_adavv _d2019-05-11 |
||